[Event "I Magistral Vila de Canovelles 2008 MI"]
[Site "Canovelles ESP"]
[Date "2008.09.13"]
[Round "1.1"]
[White "Muñoz Pantoja, Miguel"]
[Black "Randazzo, Adrian"]
[Result "1/2-1/2"]
[WhiteElo "2499"]
[BlackElo "2224"]
[PlyCount "33"]
[EventDate "2008.09.13"]
[EventType "tourn"]
[EventRounds "9"]
[EventCountry "ESP"]
[EventCategory "4"]
[Source "lmi"]
[SourceDate "2008.09.13"]

1. e4 c5 2. Nf3 d6 3. d4 cxd4 4. Nxd4 Nf6 5. Nc3 a6 6. Bg5 e6 7. Qd2 h6 8. Bxf6
Qxf6 9. f4 Nc6 10. Nf3 Qd8 11. O-O-O Be7 12. Kb1 Qc7 13. g4 Bd7 14. h4 O-O-O
15. Bh3 Kb8 16. g5 hxg5 17. hxg5 1/2-1/2

[Event "I Magistral Vila de Canovelles 2008 MI"]
[Site "Canovelles ESP"]
[Date "2008.09.13"]
[Round "1.3"]
[White "Llaneza Vega, Patricia"]
[Black "Rios, Alejandro"]
[Result "1/2-1/2"]
[WhiteElo "2260"]
[BlackElo "2340"]
[PlyCount "93"]
[EventDate "2008.09.13"]
[EventType "tourn"]
[EventRounds "9"]
[EventCountry "ESP"]
[EventCategory "4"]
[Source "lmi"]
[SourceDate "2008.09.13"]

1. e4 e5 2. Nf3 Nc6 3. d4 exd4 4. Nxd4 Nf6 5. Nxc6 bxc6 6. e5 Qe7 7. Qe2 Nd5 8.
c4 Nb6 9. Nc3 Qe6 10. Qe4 Bb4 11. Bd2 a5 12. Bd3 Ba6 13. b3 d5 14. exd6 cxd6
15. O-O-O Qxe4 16. Bxe4 Rc8 17. Bf5 Rc7 18. Kb2 g6 19. Rhe1+ Re7 20. Be4 Bb7
21. Be3 Nc8 22. Bd4 O-O 23. a3 Bxc3+ 24. Bxc3 a4 25. bxa4 Nb6 26. Kb3 Nxc4 27.
Kxc4 Rxe4+ 28. Rxe4 d5+ 29. Kc5 dxe4 30. Kb6 Ba8 31. Bf6 c5 32. Kxc5 Rc8+ 33.
Kb4 Kf8 34. Rd7 Bc6 35. Ra7 Ra8 36. Rxa8+ Bxa8 37. Kc5 Ke8 38. Kd6 e3 39. fxe3
Bxg2 40. a5 Bf1 41. Kc7 Bd3 42. Bd4 f5 43. Kb6 Kd7 44. a6 Kc8 45. h4 Be4 46.
Kc5 Kd7 47. a7 1/2-1/2

[Event "I Magistral Vila de Canovelles 2008 MI"]
[Site "Canovelles ESP"]
[Date "2008.09.14"]
[Round "2.1"]
[White "Randazzo, Adrian"]
[Black "Panelo, Marcelo"]
[Result "1/2-1/2"]
[WhiteElo "2224"]
[BlackElo "2414"]
[PlyCount "21"]
[EventDate "2008.09.13"]
[EventType "tourn"]
[EventRounds "9"]
[EventCountry "ESP"]
[EventCategory "4"]
[Source "lmi"]
[SourceDate "2008.09.13"]

1. d4 Nf6 2. c4 e6 3. Nc3 Bb4 4. Qc2 O-O 5. a3 Bxc3+ 6. Qxc3 b6 7. Bg5 Bb7 8.
f3 d6 9. e3 Nbd7 10. Bd3 c5 11. Ne2 1/2-1/2

[Event "I Magistral Vila de Canovelles 2008 MI"]
[Site "Canovelles ESP"]
[Date "2008.09.14"]
[Round "2.3"]
[White "Rios, Alejandro"]
[Black "Gonzalez, Raul Omar"]
[Result "1-0"]
[WhiteElo "2340"]
[BlackElo "2318"]
[PlyCount "45"]
[EventDate "2008.09.13"]
[EventType "tourn"]
[EventRounds "9"]
[EventCountry "ESP"]
[EventCategory "4"]
[Source "lmi"]
[SourceDate "2008.09.13"]

1. e4 e6 2. d4 d5 3. Nd2 c5 4. exd5 Qxd5 5. Ngf3 cxd4 6. Bc4 Qd6 7. O-O Nf6 8.
Nb3 Nc6 9. Nbxd4 Nxd4 10. Nxd4 Be7 11. b3 a6 12. Bb2 Bd7 13. a4 Qc7 14. Re1
O-O-O 15. Nf5 Bxa4 16. Qe2 exf5 17. Qxe7 Be8 18. Rxa6 Qxe7 19. Ra8+ Kd7 20.
Bb5+ Kd6 21. Ba3+ Kd5 22. Rxd8+ Bd7 23. Bxe7 1-0

[Event "I Magistral Vila de Canovelles 2008 MI"]
[Site "Canovelles ESP"]
[Date "2008.09.14"]
[Round "2.5"]
[White "Muñoz Pantoja, Miguel"]
[Black "Almeida Toledano, Daniel"]
[Result "1/2-1/2"]
[WhiteElo "2499"]
[BlackElo "2303"]
[PlyCount "35"]
[EventDate "2008.09.13"]
[EventType "tourn"]
[EventRounds "9"]
[EventCountry "ESP"]
[EventCategory "4"]
[Source "lmi"]
[SourceDate "2008.09.13"]

1. e4 c5 2. Nf3 e6 3. d4 cxd4 4. Nxd4 Nc6 5. Nb5 d6 6. c4 a6 7. N5c3 Nf6 8. Be3
Be7 9. Be2 O-O 10. O-O Qc7 11. Nd2 b6 12. Rc1 Ne5 13. f4 Ned7 14. g4 Bb7 15. g5
Ne8 16. Rf3 f5 17. exf5 Rxf5 18. Nde4 1/2-1/2

[Event "I Magistral Vila de Canovelles 2008 MI"]
[Site "Canovelles ESP"]
[Date "2008.09.15"]
[Round "3.1"]
[White "Almeida Toledano, Daniel"]
[Black "Randazzo, Adrian"]
[Result "1/2-1/2"]
[WhiteElo "2303"]
[BlackElo "2224"]
[PlyCount "56"]
[EventDate "2008.09.13"]
[EventType "tourn"]
[EventRounds "9"]
[EventCountry "ESP"]
[EventCategory "4"]
[Source "lmi"]
[SourceDate "2008.09.13"]

1. e4 c5 2. Nf3 Nc6 3. d4 cxd4 4. Nxd4 g6 5. c4 Nf6 6. Nc3 Nxd4 7. Qxd4 d6 8.
Be3 Bg7 9. f3 O-O 10. Qd2 Be6 11. Rc1 Qa5 12. Bd3 Rfc8 13. b3 a6 14. Na4 Qxd2+
15. Kxd2 Nd7 16. f4 f5 17. Rhe1 Re8 18. c5 dxc5 19. Nxc5 Nxc5 20. Rxc5 Rad8 21.
Ke2 fxe4 22. Bxe4 Bg4+ 23. Bf3 Bxf3+ 24. Kxf3 e5 25. fxe5 Bxe5 26. Bh6 Bd6 27.
Rxe8+ Rxe8 28. Rc1 Kf7 1/2-1/2

[Event "I Magistral Vila de Canovelles 2008 MI"]
[Site "Canovelles ESP"]
[Date "2008.09.15"]
[Round "3.2"]
[White "Llaneza Vega, Patricia"]
[Black "Muñoz Pantoja, Miguel"]
[Result "0-1"]
[WhiteElo "2260"]
[BlackElo "2499"]
[PlyCount "58"]
[EventDate "2008.09.13"]
[EventType "tourn"]
[EventRounds "9"]
[EventCountry "ESP"]
[EventCategory "4"]
[Source "lmi"]
[SourceDate "2008.09.13"]

1. e4 c5 2. Nf3 Nc6 3. Nc3 Nf6 4. d4 cxd4 5. Nxd4 e5 6. Ndb5 d6 7. Bg5 a6 8.
Na3 b5 9. Nd5 Be7 10. Bxf6 Bxf6 11. c4 b4 12. Nc2 a5 13. g3 O-O 14. Bg2 Be6 15.
Nce3 Bg5 16. O-O Bxe3 17. Nxe3 Nd4 18. Qd3 a4 19. Kh1 Kh8 20. f4 f6 21. Rac1 b3
22. axb3 axb3 23. c5 Rc8 24. cxd6 Qxd6 25. Rc3 Rxc3 26. bxc3 Nf5 27. Qxd6 Nxd6
28. fxe5 Nc4 29. Nd5 Nd2 0-1

[Event "I Magistral Vila de Canovelles 2008 MI"]
[Site "Canovelles ESP"]
[Date "2008.09.15"]
[Round "3.4"]
[White "Fernandez Aguado, Enrique"]
[Black "Rios, Alejandro"]
[Result "0-1"]
[WhiteElo "2337"]
[BlackElo "2340"]
[PlyCount "96"]
[EventDate "2008.09.13"]
[EventType "tourn"]
[EventRounds "9"]
[EventCountry "ESP"]
[EventCategory "4"]
[Source "lmi"]
[SourceDate "2008.09.13"]

1. d4 Nf6 2. c4 c5 3. d5 e6 4. Nc3 exd5 5. cxd5 d6 6. e4 g6 7. Bd3 Bg7 8. Nge2
O-O 9. O-O a6 10. a4 b6 11. Rb1 Nbd7 12. b4 Re8 13. Bg5 Rb8 14. f4 Qc7 15. b5
c4 16. Bc2 Ng4 17. Qd2 Qc5+ 18. Kh1 Nf2+ 19. Rxf2 Qxf2 20. e5 Nc5 21. Re1 h6
22. Nd1 Qxe1+ 23. Qxe1 hxg5 24. e6 axb5 25. Nec3 fxe6 26. Nxb5 Rf8 27. f5 exd5
28. Nxd6 Bxf5 29. Bxf5 gxf5 30. Qd2 Rbd8 31. Qxd5+ Kh7 32. Ne3 Ne4 33. Nexc4
Nxd6 34. Nxb6 Nc8 35. Nd7 Kh8 36. a5 Rfe8 37. h4 Re7 38. hxg5 Rdxd7 39. Qxf5
Nd6 40. Qh3+ Kg8 41. Qb3+ Kf8 42. a6 Ne4 43. Qb8+ Kf7 44. Qf4+ Kg6 45. g4 Rd1+
46. Kg2 Rd2+ 47. Kh1 Ng3+ 48. Qxg3 Rd1+ 0-1

[Event "I Magistral Vila de Canovelles 2008 MI"]
[Site "Canovelles ESP"]
[Date "2008.09.15"]
[Round "3.5"]
[White "Panelo, Marcelo"]
[Black "Garcia Jimenez, Francisco Javier"]
[Result "0-1"]
[WhiteElo "2414"]
[BlackElo "2297"]
[PlyCount "84"]
[EventDate "2008.09.13"]
[EventType "tourn"]
[EventRounds "9"]
[EventCountry "ESP"]
[EventCategory "4"]
[Source "lmi"]
[SourceDate "2008.09.13"]

1. d4 d5 2. c4 c6 3. Nc3 Nf6 4. Nf3 a6 5. a4 e6 6. Bg5 a5 7. e3 Na6 8. Be2 Be7
9. O-O O-O 10. Qb3 Nb4 11. Rfd1 b6 12. cxd5 cxd5 13. Na2 Nxa2 14. Rxa2 Bd7 15.
Ne5 h6 16. Bh4 g5 17. Bg3 Ne4 18. Bd3 Nxg3 19. hxg3 Be8 20. e4 f6 21. Ng4 Bc6
22. Ne3 Rc8 23. Raa1 Qd7 24. Bb5 Bxb5 25. axb5 dxe4 26. d5 Rc5 27. dxe6 Qxb5
28. Qxb5 Rxb5 29. Rd7 Bc5 30. Ng4 Rxb2 31. e7 Re8 32. Nxf6+ Kf7 33. Nxe8 Kxe8
34. Rb7 Rxf2 35. Kh2 Rf7 36. Rd1 Rxe7 37. Rb8+ Kf7 38. Rh8 Kg7 39. Rdd8 e3 40.
Rdf8 a4 41. Rhg8+ Kh7 42. Kh3 Bd4 0-1

[Event "I Magistral Vila de Canovelles 2008 MI"]
[Site "Canovelles ESP"]
[Date "2008.09.16"]
[Round "4.1"]
[White "Randazzo, Adrian"]
[Black "Garcia Jimenez, Francisco Javier"]
[Result "1/2-1/2"]
[WhiteElo "2224"]
[BlackElo "2297"]
[PlyCount "63"]
[EventDate "2008.09.13"]
[EventType "tourn"]
[EventRounds "9"]
[EventCountry "ESP"]
[EventCategory "4"]
[Source "lmi"]
[SourceDate "2008.09.13"]

1. d4 Nf6 2. c4 c5 3. d5 b5 4. cxb5 a6 5. bxa6 Bxa6 6. Nc3 d6 7. e4 Bxf1 8.
Kxf1 g6 9. Nf3 Bg7 10. g3 O-O 11. Kg2 Nbd7 12. h3 Qa5 13. Re1 Rfb8 14. e5 dxe5
15. Nxe5 Nxe5 16. Rxe5 Rd8 17. Rxe7 c4 18. Qf3 Qc5 19. Rb7 Qc8 20. Rb5 Ne8 21.
Bf4 Nd6 22. Bxd6 Rxd6 23. Ne4 Rda6 24. a3 Rb8 25. Rc5 Qf8 26. Rxc4 Rxb2 27.
Rac1 Rxa3 28. Nf6+ Bxf6 29. Qxf6 Rb8 30. d6 Rd3 31. Rc6 Rd8 32. Qe7 1/2-1/2

[Event "I Magistral Vila de Canovelles 2008 MI"]
[Site "Canovelles ESP"]
[Date "2008.09.16"]
[Round "4.2"]
[White "Rios, Alejandro"]
[Black "Panelo, Marcelo"]
[Result "0-1"]
[WhiteElo "2340"]
[BlackElo "2414"]
[PlyCount "86"]
[EventDate "2008.09.13"]
[EventType "tourn"]
[EventRounds "9"]
[EventCountry "ESP"]
[EventCategory "4"]
[Source "lmi"]
[SourceDate "2008.09.13"]

1. e4 c5 2. Nf3 d6 3. d4 cxd4 4. Nxd4 Nf6 5. Nc3 a6 6. f4 e5 7. Nf3 Nbd7 8. Bd3
Be7 9. O-O O-O 10. Kh1 b5 11. Qe1 Re8 12. fxe5 dxe5 13. a4 b4 14. Nd1 Nc5 15.
Nf2 Nxd3 16. cxd3 Bc5 17. Bg5 Qd6 18. Nd2 Nd7 19. Nc4 Qb8 20. a5 Nf8 21. Be3
Bxe3 22. Qxe3 Be6 23. Qg3 Ng6 24. Ng4 Bxc4 25. dxc4 Qb7 26. Qf3 Rad8 27. c5 h5
28. Nf2 Rd2 29. b3 Qc6 30. Nd3 Qe6 31. Qe3 Rc2 32. Nxb4 Rb2 33. Rab1 Rxb1 34.
Rxb1 Nf4 35. Nd3 Rd8 36. Nxf4 exf4 37. Qxf4 Qxb3 38. Qc1 Qd3 39. c6 Rc8 40. Rb6
Qxe4 41. Rxa6 Qb4 42. h3 Re8 43. Kh2 Qd6+ 0-1

[Event "I Magistral Vila de Canovelles 2008 MI"]
[Site "Canovelles ESP"]
[Date "2008.09.16"]
[Round "4.3"]
[White "Avila Jimenez, Javier"]
[Black "Fernandez Aguado, Enrique"]
[Result "0-1"]
[WhiteElo "2286"]
[BlackElo "2337"]
[PlyCount "68"]
[EventDate "2008.09.13"]
[EventType "tourn"]
[EventRounds "9"]
[EventCountry "ESP"]
[EventCategory "4"]
[Source "lmi"]
[SourceDate "2008.09.13"]

1. d4 Nf6 2. c4 g6 3. Nc3 d5 4. Bg5 Ne4 5. Nxe4 dxe4 6. Qd2 Bg7 7. O-O-O h6 8.
Bh4 O-O 9. e3 Qe8 10. Ne2 e5 11. d5 g5 12. Bg3 Bf5 13. Nc3 Na6 14. Be2 Nc5 15.
Kb1 a5 16. Nb5 Qd7 17. Qc3 f6 18. Qa3 b6 19. Qc3 Rfd8 20. Ka1 Bf8 21. h4 g4 22.
f4 exf4 23. Bxf4 c6 24. Nc7 Rac8 25. Qxf6 Bg7 26. Qxc6 Na4 27. Qxd7 Rxd7 28.
Nb5 Nxb2 29. Kb1 Nd3 30. Na3 b5 31. Nxb5 Rxc4 32. Nd4 Rb7+ 33. Ka1 Rxd4 34.
Bxh6 Bh8 0-1

[Event "I Magistral Vila de Canovelles 2008 MI"]
[Site "Canovelles ESP"]
[Date "2008.09.16"]
[Round "4.4"]
[White "Muñoz Pantoja, Miguel"]
[Black "Gonzalez, Raul Omar"]
[Result "1/2-1/2"]
[WhiteElo "2499"]
[BlackElo "2318"]
[PlyCount "22"]
[EventDate "2008.09.13"]
[EventType "tourn"]
[EventRounds "9"]
[EventCountry "ESP"]
[EventCategory "4"]
[Source "lmi"]
[SourceDate "2008.09.13"]

1. e4 c5 2. Nf3 d6 3. d4 cxd4 4. Nxd4 Nf6 5. Nc3 e6 6. Bg5 a6 7. Qd2 Be7 8.
O-O-O Nc6 9. f3 Bd7 10. g4 h6 11. Be3 Qc7 1/2-1/2

[Event "I Magistral Vila de Canovelles 2008 MI"]
[Site "Canovelles ESP"]
[Date "2008.09.16"]
[Round "4.5"]
[White "Almeida Toledano, Daniel"]
[Black "Llaneza Vega, Patricia"]
[Result "1/2-1/2"]
[WhiteElo "2303"]
[BlackElo "2260"]
[PlyCount "75"]
[EventDate "2008.09.13"]
[EventType "tourn"]
[EventRounds "9"]
[EventCountry "ESP"]
[EventCategory "4"]
[Source "lmi"]
[SourceDate "2008.09.13"]

1. Nf3 Nf6 2. g3 g6 3. Bg2 Bg7 4. d4 O-O 5. O-O d6 6. c4 c6 7. Nc3 Qa5 8. e4
Qh5 9. Nd2 Na6 10. a3 e5 11. d5 Qxd1 12. Rxd1 Nc5 13. Bf1 a5 14. b3 Bh6 15. f3
Bxd2 16. Bxd2 Nxb3 17. Rab1 Nd4 18. Kg2 Nd7 19. Be3 c5 20. Bxd4 cxd4 21. Nb5
Ra6 22. Nc7 Rb6 23. Rxb6 Nxb6 24. Rb1 Na4 25. Nb5 Rd8 26. Na7 b6 27. Bd3 Nc5
28. Nc6 Re8 29. Bc2 Ba6 30. Rxb6 Bxc4 31. Kf2 Ra8 32. g4 h6 33. h4 Kg7 34. Ke1
Nd7 35. Rb7 Nc5 36. Rb6 Nd7 37. Rb7 Nc5 38. Rb6 1/2-1/2

[Event "I Magistral Vila de Canovelles 2008 MI"]
[Site "Canovelles ESP"]
[Date "2008.09.17"]
[Round "5.1"]
[White "Llaneza Vega, Patricia"]
[Black "Randazzo, Adrian"]
[Result "1/2-1/2"]
[WhiteElo "2260"]
[BlackElo "2224"]
[PlyCount "82"]
[EventDate "2008.09.13"]
[EventType "tourn"]
[EventRounds "9"]
[EventCountry "ESP"]
[EventCategory "4"]
[Source "lmi"]
[SourceDate "2008.09.13"]

1. e4 c5 2. Nf3 d6 3. d4 cxd4 4. Nxd4 Nf6 5. Nc3 a6 6. g3 Nc6 7. Bg2 Bd7 8. O-O
e6 9. h3 Be7 10. g4 h6 11. Nde2 b5 12. Ng3 Qc7 13. f4 Nh7 14. Be3 O-O 15. Qd2
Na5 16. Nf5 Rae8 17. Nxe7+ Rxe7 18. Qf2 Nc4 19. Bc1 b4 20. Ne2 e5 21. b3 Na3
22. fxe5 dxe5 23. Bxa3 bxa3 24. c4 Be6 25. Nc3 Nf6 26. Rad1 Rd7 27. Nd5 Bxd5
28. exd5 Rc8 29. Qf5 Re8 30. g5 hxg5 31. Qxg5 Rd6 32. Qe3 Nd7 33. Rf5 a5 34.
Rdf1 Rf6 35. Rxf6 gxf6 36. Rf2 Kf8 37. Kh1 Ke7 38. Rd2 Kd6 39. Qf3 Rh8 40. Rc2
Qc5 41. Kh2 Rh4 1/2-1/2

[Event "I Magistral Vila de Canovelles 2008 MI"]
[Site "Canovelles ESP"]
[Date "2008.09.17"]
[Round "5.3"]
[White "Fernandez Aguado, Enrique"]
[Black "Muñoz Pantoja, Miguel"]
[Result "1-0"]
[WhiteElo "2337"]
[BlackElo "2499"]
[PlyCount "103"]
[EventDate "2008.09.13"]
[EventType "tourn"]
[EventRounds "9"]
[EventCountry "ESP"]
[EventCategory "4"]
[Source "lmi"]
[SourceDate "2008.09.13"]

1. d4 c5 2. d5 Nf6 3. c4 g6 4. Nc3 Bg7 5. e4 O-O 6. Bd3 d6 7. Nge2 e6 8. O-O
exd5 9. cxd5 a6 10. a4 Nbd7 11. h3 Rb8 12. Ng3 Ne8 13. Be3 Qh4 14. Qd2 h6 15.
Be2 Nc7 16. Bf4 Ne5 17. Rfe1 Kh7 18. Nf1 f5 19. Bg3 Qd8 20. f4 Nf7 21. Bd3 fxe4
22. Bxe4 b5 23. axb5 axb5 24. Ne3 Nh8 25. Qc2 b4 26. Ncd1 Nb5 27. f5 Qg5 28.
fxg6+ Nxg6 29. Bxg6+ Qxg6 30. Qxg6+ Kxg6 31. Nc4 Bb7 32. Nxd6 Bxd5 33. Ra5 Bd4+
34. Kh2 Nxd6 35. Bxd6 Rbe8 36. Rxe8 Rxe8 37. Bxc5 Re2 38. Bxd4 Rxg2+ 39. Kh1
Be4 40. Re5 Ba8 41. Re8 Rxb2+ 42. Rxa8 Rd2 43. Ra6+ Kf7 44. Be3 Rxd1+ 45. Kg2
h5 46. Rb6 Rd3 47. Kf3 b3 48. Ke4 Rc3 49. Kd4 Rc2 50. Rxb3 Rh2 51. Bf4 Rh1 52.
Ke5 1-0

[Event "I Magistral Vila de Canovelles 2008 MI"]
[Site "Canovelles ESP"]
[Date "2008.09.17"]
[Round "5.4"]
[White "Panelo, Marcelo"]
[Black "Avila Jimenez, Javier"]
[Result "1-0"]
[WhiteElo "2414"]
[BlackElo "2286"]
[PlyCount "95"]
[EventDate "2008.09.13"]
[EventType "tourn"]
[EventRounds "9"]
[EventCountry "ESP"]
[EventCategory "4"]
[Source "lmi"]
[SourceDate "2008.09.13"]

1. d4 Nf6 2. Nf3 g6 3. c4 d5 4. Nc3 Bg7 5. Bg5 Ne4 6. cxd5 Nxg5 7. Nxg5 e6 8.
Qd2 h6 9. Nf3 exd5 10. b4 O-O 11. e3 Bf5 12. Be2 c6 13. O-O Nd7 14. b5 Nf6 15.
bxc6 bxc6 16. Rfc1 Qd6 17. Bd3 Bxd3 18. Qxd3 Qa3 19. Ne5 c5 20. Nxd5 Qxd3 21.
Ne7+ Kh7 22. Nxd3 cxd4 23. exd4 Nd7 24. Nc6 Rfe8 25. Rab1 Nb6 26. Nde5 f6 27.
Nf3 Re2 28. Nb4 f5 29. h4 a5 30. Nd3 Nd5 31. Rc5 Nb4 32. Nc1 Rc2 33. Rxc2 Nxc2
34. Rb7 Nb4 35. a4 Rc8 36. Nb3 Nd3 37. d5 Rd8 38. Nfd4 Nf4 39. g3 Nh5 40. Rb5
Kh8 41. Ne6 Rd7 42. Rxa5 Nf6 43. Ra8+ Kh7 44. Nbc5 Rxd5 45. Ra7 Rd1+ 46. Kg2
Nh5 47. Nxg7 Nxg7 48. Ne6 1-0

[Event "I Magistral Vila de Canovelles 2008 MI"]
[Site "Canovelles ESP"]
[Date "2008.09.17"]
[Round "5.5"]
[White "Garcia Jimenez, Francisco Javier"]
[Black "Rios, Alejandro"]
[Result "1-0"]
[WhiteElo "2297"]
[BlackElo "2340"]
[PlyCount "27"]
[EventDate "2008.09.13"]
[EventType "tourn"]
[EventRounds "9"]
[EventCountry "ESP"]
[EventCategory "4"]
[Source "lmi"]
[SourceDate "2008.09.13"]

1. e4 e5 2. Nf3 Nc6 3. d4 exd4 4. Nxd4 Bc5 5. Nb3 Bb4+ 6. Bd2 Bxd2+ 7. Qxd2 Nf6
8. Nc3 d6 9. O-O-O O-O 10. f3 Be6 11. Nd4 Nxd4 12. Qxd4 Nd7 13. f4 Qf6 14. f5
1-0

[Event "I Magistral Vila de Canovelles 2008 MI"]
[Site "Canovelles ESP"]
[Date "2008.09.18"]
[Round "6.1"]
[White "Randazzo, Adrian"]
[Black "Rios, Alejandro"]
[Result "1/2-1/2"]
[WhiteElo "2224"]
[BlackElo "2340"]
[PlyCount "25"]
[EventDate "2008.09.13"]
[EventType "tourn"]
[EventRounds "9"]
[EventCountry "ESP"]
[EventCategory "4"]
[Source "lmi"]
[SourceDate "2008.09.13"]

1. e4 c6 2. d4 d5 3. Nc3 dxe4 4. Nxe4 Nd7 5. Nf3 Ngf6 6. Bd3 e6 7. O-O Be7 8.
c3 O-O 9. Qe2 c5 10. Bg5 cxd4 11. Nxd4 a6 12. Nxf6+ Nxf6 13. Rfe1 1/2-1/2

[Event "I Magistral Vila de Canovelles 2008 MI"]
[Site "Canovelles ESP"]
[Date "2008.09.18"]
[Round "6.4"]
[White "Almeida Toledano, Daniel"]
[Black "Fernandez Aguado, Enrique"]
[Result "0-1"]
[WhiteElo "2303"]
[BlackElo "2337"]
[PlyCount "34"]
[EventDate "2008.09.13"]
[EventType "tourn"]
[EventRounds "9"]
[EventCountry "ESP"]
[EventCategory "4"]
[Source "lmi"]
[SourceDate "2008.09.13"]

1. e4 e6 2. d4 d5 3. Nd2 Nf6 4. e5 Nfd7 5. Bd3 c5 6. c3 Nc6 7. Ngf3 g6 8. O-O
Bg7 9. Re1 O-O 10. Nf1 cxd4 11. cxd4 Qb6 12. Bc2 f6 13. exf6 Nxf6 14. Bb3 Bd7
15. Ng3 Ng4 16. h3 Bxd4 17. Nxd4 Nxf2 0-1

[Event "I Magistral Vila de Canovelles 2008 MI"]
[Site "Canovelles ESP"]
[Date "2008.09.18"]
[Round "6.5"]
[White "Llaneza Vega, Patricia"]
[Black "Gonzalez, Raul Omar"]
[Result "0-1"]
[WhiteElo "2260"]
[BlackElo "2318"]
[PlyCount "96"]
[EventDate "2008.09.13"]
[EventType "tourn"]
[EventRounds "9"]
[EventCountry "ESP"]
[EventCategory "4"]
[Source "lmi"]
[SourceDate "2008.09.13"]

1. e4 c5 2. Nf3 e6 3. d4 cxd4 4. Nxd4 a6 5. c4 Nf6 6. Nc3 Qc7 7. a3 Nc6 8. Be3
Be7 9. Rc1 O-O 10. Be2 Ne5 11. O-O d6 12. f4 Ng6 13. f5 Ne5 14. Kh1 b6 15. Bf4
Bd7 16. Nf3 Rfe8 17. fxe6 fxe6 18. Nxe5 dxe5 19. Be3 Qb7 20. Qe1 Bc6 21. Bf3 b5
22. c5 b4 23. axb4 Qxb4 24. Qg3 Qb8 25. b4 Ra7 26. Rb1 Kh8 27. Qh3 Rb7 28. Bh5
Nxh5 29. Qxh5 Rf8 30. h3 Bf6 31. Qg4 Qe8 32. Rfd1 Rd7 33. Rxd7 Bxd7 34. Qe2 Bc8
35. b5 axb5 36. Qxb5 Bd7 37. Qb6 Bc6 38. Rd1 Qa8 39. Rd6 Qa1+ 40. Nd1 Bxe4 41.
c6 Bd5 42. c7 Qxd1+ 43. Kh2 Qc2 44. Rxd5 exd5 45. Bc5 Bg5 46. Bxf8 Bf4+ 47. Kg1
Bg3 48. Qa6 Qf2+ 0-1

[Event "I Magistral Vila de Canovelles 2008 MI"]
[Site "Canovelles ESP"]
[Date "2008.09.19"]
[Round "7.1"]
[White "Gonzalez, Raul Omar"]
[Black "Randazzo, Adrian"]
[Result "1-0"]
[WhiteElo "2318"]
[BlackElo "2224"]
[PlyCount "193"]
[EventDate "2008.09.13"]
[EventType "tourn"]
[EventRounds "9"]
[EventCountry "ESP"]
[EventCategory "4"]
[Source "lmi"]
[SourceDate "2008.09.13"]

1. d4 d5 2. Nf3 Nf6 3. g3 Bf5 4. Bg2 e6 5. c3 c6 6. Nbd2 Bd6 7. Nf1 Nbd7 8. Bf4
Bxf4 9. gxf4 Ne4 10. Ng3 Bg6 11. e3 Qb6 12. Qe2 h6 13. Nh4 Nxg3 14. hxg3 Bh7
15. Bf3 O-O-O 16. Ng2 Nf6 17. O-O Be4 18. Bxe4 Nxe4 19. Kh2 h5 20. f3 Nd6 21.
e4 h4 22. Nxh4 Rh5 23. Kg2 Rdh8 24. Rh1 dxe4 25. fxe4 Nxe4 26. Qxe4 Qxb2+ 27.
Kf3 g5 28. fxg5 Rxg5 29. Qe3 Rhg8 30. Rag1 Qxa2 31. Rg2 Qd5+ 32. Kf2 Rg4 33.
Nf3 f6 34. Rh6 Qf5 35. Rh4 R4g6 36. Re4 Kd7 37. c4 Rg4 38. Rxg4 Rxg4 39. Qb3
Kc7 40. Qc3 Rg7 41. Rh2 b6 42. Qa3 Kb7 43. Qc3 Qg6 44. Rh3 Qb1 45. Rh4 Qa2+ 46.
Nd2 e5 47. dxe5 fxe5 48. Ke2 Rf7 49. Rh2 e4 50. Ke3 Rd7 51. Kxe4 Qa4 52. Nf3
Qd1 53. Ne5 Rg7 54. Rf2 Qh1+ 55. Qf3 Qb1+ 56. Kf4 Qc1+ 57. Kf5 Qg5+ 58. Ke4 Qc1
59. g4 Re7 60. Kf5 Rc7 61. g5 Qb1+ 62. Qe4 Qg1 63. Rf4 Qh2 64. Qf3 Qc2+ 65. Kg4
Qc1 66. g6 Qg1+ 67. Kf5 a5 68. Rg4 Qb1+ 69. Kf6 Qb4 70. g7 Qd6+ 71. Kf5 Re7 72.
Qg3 Qe6+ 73. Ke4 Qxc4+ 74. Kf3 Qd5+ 75. Re4 Qb3+ 76. Re3 Qd1+ 77. Kf2 Qd2+ 78.
Kg1 Qd1+ 79. Kh2 Qd2+ 80. Kg1 Qc1+ 81. Re1 Qc5+ 82. Kf1 Qb5+ 83. Nd3 Qf5+ 84.
Kg1 Rxe1+ 85. Nxe1 Qc5+ 86. Kf1 Qc4+ 87. Nd3 Qf7+ 88. Kg1 Qg8 89. Ne5 a4 90.
Qg5 a3 91. Qe7+ Ka6 92. Qxa3+ Kb5 93. Qd3+ Kc5 94. Qc3+ Kd6 95. Qd4+ Ke7 96.
Qh4+ Ke6 97. Qc4+ 1-0

[Event "I Magistral Vila de Canovelles 2008 MI"]
[Site "Canovelles ESP"]
[Date "2008.09.19"]
[Round "7.2"]
[White "Fernandez Aguado, Enrique"]
[Black "Llaneza Vega, Patricia"]
[Result "1/2-1/2"]
[WhiteElo "2337"]
[BlackElo "2260"]
[PlyCount "83"]
[EventDate "2008.09.13"]
[EventType "tourn"]
[EventRounds "9"]
[EventCountry "ESP"]
[EventCategory "4"]
[Source "lmi"]
[SourceDate "2008.09.13"]

1. d4 Nf6 2. c4 g6 3. Nc3 Bg7 4. e4 d6 5. Nf3 O-O 6. h3 Na6 7. Bg5 Qe8 8. Be2
e5 9. d5 Nd7 10. g4 Ndc5 11. Rg1 Kh8 12. Qd2 Bd7 13. h4 f6 14. Be3 Qe7 15. h5
g5 16. Rb1 Na4 17. Nxa4 Bxa4 18. b4 c5 19. b5 Nc7 20. Bd1 Bxd1 21. Qxd1 h6 22.
Nd2 Rf7 23. Qf3 Qd7 24. Ke2 Bf8 25. b6 Ne8 26. bxa7 Rxa7 27. Rb2 Ng7 28. Rgb1
Be7 29. Nf1 Qa4 30. Rc1 Bd8 31. Bd2 Ba5 32. Qb3 Qd7 33. Ne3 Bd8 34. Rcb1 b6 35.
Qc2 Ra4 36. Rb5 Qa7 37. R1b2 Kh7 38. Kd3 Ra3+ 39. R5b3 Ra4 40. Ke2 Qa6 41. Qb1
Rd7 42. Kf3 1/2-1/2

[Event "I Magistral Vila de Canovelles 2008 MI"]
[Site "Canovelles ESP"]
[Date "2008.09.19"]
[Round "7.4"]
[White "Garcia Jimenez, Francisco Javier"]
[Black "Muñoz Pantoja, Miguel"]
[Result "0-1"]
[WhiteElo "2297"]
[BlackElo "2499"]
[PlyCount "40"]
[EventDate "2008.09.13"]
[EventType "tourn"]
[EventRounds "9"]
[EventCountry "ESP"]
[EventCategory "4"]
[Source "lmi"]
[SourceDate "2008.09.13"]

1. e4 c5 2. Nc3 Nc6 3. Bb5 Nd4 4. Bc4 Nf6 5. Nf3 e6 6. O-O d5 7. exd5 exd5 8.
Re1+ Be7 9. Nxd5 Nxd5 10. Nxd4 O-O 11. Bxd5 Qxd5 12. Rxe7 cxd4 13. Qe2 Be6 14.
d3 Qd6 15. Rxb7 Rfe8 16. Qd2 Bd5 17. Rb4 Qg6 18. f3 Bxf3 19. g3 Qh5 20. Qf4
Re1+ 0-1